000 00572cab a2200205 4500
001 X1214
008 090401t1993 xxu||||| |||| 00| 0 eng d
035 _a(Sirsi) u15536
041 _aeng
245 _aPII : non-disclosure
260 _c1993
350 _a0
490 _aCSM (Chartered Surveyor Monthly)
_v3(3) November 1993, 2(1)
650 _aPROFESSIONAL INDEMNITY INSURANCE
650 _aPROFESSIONAL INDEMNITY INSURANCE
690 _aINSURANCE
_96249
690 _aMANAGEMENT-BUSINESS MANAGEMENT-PROFESSIONAL PRACTICE
942 _n0
948 _c04/03/1997
999 _c10199
_d10199